<?xml version="1.0" encoding="UTF-8"?>
<marc:record xmlns:marc="http://www.loc.gov/MARC21/slim">
   <marc:leader>00000nam a2200000 a 4500</marc:leader>
   <marc:datafield ind1="1" ind2=" " tag="100">
      <marc:subfield code="a">Cino, Emanuela</marc:subfield>
      <marc:subfield code="4">aut</marc:subfield>
      <marc:subfield code="e">Verfasser/-in</marc:subfield>
   </marc:datafield>
   <marc:datafield ind1="1" ind2=" " tag="100">
      <marc:subfield code="a">Fethke, Ursula</marc:subfield>
      <marc:subfield code="4">trl</marc:subfield>
      <marc:subfield code="e">Übersetzer/-in</marc:subfield>
   </marc:datafield>
   <marc:datafield ind1=" " ind2=" " tag="653">
      <marc:subfield code="a">Softcover / Ratgeber/Essen</marc:subfield>
   </marc:datafield>
   <marc:datafield ind1=" " ind2=" " tag="653">
      <marc:subfield code="a">Trinken/Themenkochbücher</marc:subfield>
   </marc:datafield>
   <marc:datafield ind1=" " ind2=" " tag="653">
      <marc:subfield code="a">Sommerküche</marc:subfield>
   </marc:datafield>
   <marc:datafield ind1=" " ind2=" " tag="653">
      <marc:subfield code="a">Sommergerichte</marc:subfield>
   </marc:datafield>
   <marc:datafield ind1=" " ind2=" " tag="653">
      <marc:subfield code="a">schnelle Küche</marc:subfield>
   </marc:datafield>
   <marc:datafield ind1=" " ind2=" " tag="653">
      <marc:subfield code="a">Mittelmeerküche</marc:subfield>
   </marc:datafield>
   <marc:datafield ind1=" " ind2=" " tag="653">
      <marc:subfield code="a">mediterranes Kochbuch</marc:subfield>
   </marc:datafield>
   <marc:datafield ind1=" " ind2=" " tag="653">
      <marc:subfield code="a">Kochbuch Sommer</marc:subfield>
   </marc:datafield>
   <marc:datafield ind1=" " ind2=" " tag="653">
      <marc:subfield code="a">Kochbuch mediterran</marc:subfield>
   </marc:datafield>
   <marc:datafield ind1=" " ind2=" " tag="653">
      <marc:subfield code="a">einfache Gerichte</marc:subfield>
   </marc:datafield>
   <marc:datafield ind1=" " ind2=" " tag="653">
      <marc:subfield code="a">einfache Küche</marc:subfield>
   </marc:datafield>
   <marc:datafield ind1=" " ind2=" " tag="653">
      <marc:subfield code="a">Alltagsküche</marc:subfield>
   </marc:datafield>
   <marc:datafield ind1=" " ind2=" " tag="653">
      <marc:subfield code="a">Sommerkochbuch</marc:subfield>
   </marc:datafield>
   <marc:datafield ind1=" " ind2=" " tag="653">
      <marc:subfield code="a">Sommerparty</marc:subfield>
   </marc:datafield>
   <marc:datafield ind1=" " ind2=" " tag="653">
      <marc:subfield code="a">Sommer</marc:subfield>
   </marc:datafield>
   <marc:datafield ind1=" " ind2=" " tag="653">
      <marc:subfield code="a">schnelle Rezepte</marc:subfield>
   </marc:datafield>
   <marc:datafield ind1=" " ind2=" " tag="653">
      <marc:subfield code="a">Salate</marc:subfield>
   </marc:datafield>
   <marc:datafield ind1=" " ind2=" " tag="653">
      <marc:subfield code="a">Mittelmeerrezepte</marc:subfield>
   </marc:datafield>
   <marc:datafield ind1=" " ind2=" " tag="653">
      <marc:subfield code="a">Rezepte für den Sommer</marc:subfield>
   </marc:datafield>
   <marc:datafield ind1=" " ind2=" " tag="653">
      <marc:subfield code="a">Kochen im Sommer</marc:subfield>
   </marc:datafield>
   <marc:datafield ind1=" " ind2=" " tag="653">
      <marc:subfield code="a">mediterrane Küche</marc:subfield>
   </marc:datafield>
   <marc:datafield ind1=" " ind2=" " tag="653">
      <marc:subfield code="a">mediterrane Rezepte</marc:subfield>
   </marc:datafield>
   <marc:datafield ind1=" " ind2=" " tag="653">
      <marc:subfield code="a">mediterran</marc:subfield>
   </marc:datafield>
   <marc:datafield ind1=" " ind2=" " tag="653">
      <marc:subfield code="a">Grillparty</marc:subfield>
   </marc:datafield>
   <marc:datafield ind1=" " ind2=" " tag="653">
      <marc:subfield code="a">Gartenparty</marc:subfield>
   </marc:datafield>
   <marc:datafield ind1=" " ind2=" " tag="653">
      <marc:subfield code="a">erfrischend</marc:subfield>
   </marc:datafield>
   <marc:datafield ind1=" " ind2=" " tag="653">
      <marc:subfield code="a">heiß</marc:subfield>
   </marc:datafield>
   <marc:datafield ind1=" " ind2=" " tag="653">
      <marc:subfield code="a">Kochen an heißen Tagen</marc:subfield>
   </marc:datafield>
   <marc:datafield ind1=" " ind2=" " tag="653">
      <marc:subfield code="a">Grillrezepte</marc:subfield>
   </marc:datafield>
   <marc:datafield ind1=" " ind2=" " tag="653">
      <marc:subfield code="a">Kochbuch</marc:subfield>
   </marc:datafield>
   <marc:datafield ind1=" " ind2=" " tag="653">
      <marc:subfield code="a">Meeresfrüchte</marc:subfield>
   </marc:datafield>
   <marc:datafield ind1=" " ind2=" " tag="653">
      <marc:subfield code="a">einfache Rezepte</marc:subfield>
   </marc:datafield>
   <marc:datafield ind1=" " ind2=" " tag="653">
      <marc:subfield code="a">Desserts</marc:subfield>
   </marc:datafield>
   <marc:datafield ind1=" " ind2=" " tag="653">
      <marc:subfield code="a">BBQ</marc:subfield>
   </marc:datafield>
   <marc:datafield ind1="0" ind2="0" tag="245">
      <marc:subfield code="a">Sommer satt</marc:subfield>
   </marc:datafield>
   <marc:datafield ind1="0" ind2="0" tag="245">
      <marc:subfield code="b">70 Rezepte für heiße Tage, an denen die Sonne richtig runterbrennt. Leichte Sommerküche mit schnellen Rezepten, frischen Salaten, Grillideen &amp; erfrischenden Gerichten für warme Tage</marc:subfield>
   </marc:datafield>
   <marc:datafield ind1="0" ind2="0" tag="245">
      <marc:subfield code="c">Emanuela Cino</marc:subfield>
   </marc:datafield>
   <marc:datafield ind1=" " ind2="1" tag="264">
      <marc:subfield code="a">München</marc:subfield>
      <marc:subfield code="b">Knesebeck</marc:subfield>
      <marc:subfield code="c">2026</marc:subfield>
   </marc:datafield>
   <marc:datafield ind1="1" ind2=" " tag="520">
      <marc:subfield code="a">Wenn es zu heiß zum Kochen ist: Ein Kochbuch wie ein Tag am Meer
&lt;br&gt;
Mittagshitze, flirrende Luft, nackte Füße auf heißem Boden. Kennst du diese Sommertage, an denen selbst der Gedanke ans Kochen zu viel ist?  Emanuela Cino liefert dafür in diesem Sommerkochbuch genau die richtigen Ideen: leicht, unkompliziert und voller Lebensfreude. 70 unkomplizierte Rezepte bringen Sonne und ganz viel Geschmack auf den Teller. Ob knusprig Frittiertes, knackige Salate, schnelle Gerichte zum Teilen oder kreative Grillrezepte fürs BBQ: Dieses Kochbuch liefert Gerichte mit minimalem Aufwand, die nicht beschweren und trotzdem begeistern. Sommer satt ist das Kochbuch für alle, die den Sommer schmecken wollen.
&lt;br&gt;
Warum sich dieses Buch wie ein Sommertag anfühlt:
&lt;br&gt;
&lt;br&gt;
Pures Sommergefühl – 70 sonnige Rezepte, die schmecken wie Salz auf der Haut, Sonnencreme und kalte Getränke im Schatten.
&lt;br&gt;
Unkompliziert &amp; alltagstauglich – schnelle Rezepte für Tage, an denen der Herd eigentlich ausbleiben soll.
&lt;br&gt;
Mediterrane Leichtigkeit – Mittelmeerküche, die erfrischend ist und nicht beschwert.
&lt;br&gt;
Gemacht fürs Draußensein – perfekt für Picknick, Gartenparty, Grillabend oder den Balkon nach dem Freibad.
&lt;br&gt;
Mehr als Rezepte – inklusive Playlist für laue Nächte, Buchempfehlungen für den Liegestuhl, sommerlichen Filmtipps und Geheimadressen für sonnige Auszeiten.
&lt;br&gt;
&lt;br&gt;
Genuss zwischen Freibad und Sonnenuntergang: Schnelle Ideen für heiße Tage
&lt;br&gt;
Alle Rezepte für den Sommer sind auf einfache Küche und kurze Zubereitungszeiten ausgelegt. Du findest erfrischende Ideen wie Wassermelonen-Tomaten-Gazpacho, blitzschnelle Salate oder leichte Kombinationen wie Fenchel mit Stracciatella und Granatapfel. Mediterrane Rezepte wie gegrillte Dorade mit Zitrone, Gambas in Pastis oder Linguine mit Venusmuscheln bringen Urlaubsgefühl auf den Teller. Ergänzt wird das Sommerkochbuch durch BBQ-Rezepte und kleine Gerichte zum Teilen – perfekt für jede Sommerparty. Und wenn die Hitze am größten ist, sorgen leichte Desserts wie Zitroneneis am Stiel, Aperol-Spritz-Granita oder Joghurteis für wohltuende Erfrischung.
&lt;br&gt;
Jetzt eintauchen – und den Sommer nicht nur fühlen, sondern schmecken.
</marc:subfield>
   </marc:datafield>
   <marc:datafield ind1=" " ind2=" " tag="020">
      <marc:subfield code="a">9783989620568</marc:subfield>
      <marc:subfield code="9">9783989620568</marc:subfield>
   </marc:datafield>
   <marc:datafield ind1=" " ind2=" " tag="020">
      <marc:subfield code="a">3989620568</marc:subfield>
      <marc:subfield code="9">3989620568</marc:subfield>
   </marc:datafield>
   <marc:datafield ind1=" " ind2=" " tag="041">
      <marc:subfield code="a">ger</marc:subfield>
   </marc:datafield>
   <marc:datafield ind1=" " ind2=" " tag="300">
      <marc:subfield code="a">184 Seiten</marc:subfield>
   </marc:datafield>
</marc:record>
